000 00333nam a22001457a 4500
008 210310b ||||| |||| 00| 0 eng d
020 _a9781558605718
041 _aeng
080 _a72
082 _a72
100 _a41
101 _aARK
245 _aIntegrated Management of Networked Systems
_cHegering,H.G
942 _2udc
_cBK
999 _c56177
_d56177